Complexcity And Management (Record no. 112962)

MARC details
000 -LEADER
fixed length control field 00331pam a2200145 a 4500
020 ## - INTERNATIONAL STANDARD BOOK NUMBER
Terms of availability
041 ## - LANGUAGE CODE
Language code of original
082 ## - DEWEY DECIMAL CLASSIFICATION NUMBER
Classification number 658
Item number STA
100 ## - MAIN ENTRY--PERSONAL NAME
Personal name Stacey,R.D.
245 ## - TITLE STATEMENT
Title Complexcity And Management
Medium Textual Documents
260 ## - PUBLICATION, DISTRIBUTION, ETC.
Place of publication, distribution, etc. Londan
Name of publisher, distributor, etc. Routledge And Kegan Poul
Date of publication, distribution, etc. 2003
300 ## - PHYSICAL DESCRIPTION
Extent X/224
700 ## - ADDED ENTRY--PERSONAL NAME
Personal name Girffin,D.
930 ## - EQUIVALENCE OR CROSS-REFERENCE-UNIFORM TITLE HEADING [LOCAL, CANADA]
Uniform title 6134
Holdings
Withdrawn status Lost status Damaged status Not for loan Collection Home library Current library Shelving location Date acquired Source of acquisition Cost, normal purchase price Total Checkouts Full call number Barcode Date last seen Date last checked out Copy number Price effective from Koha item type
          Abhijit Kadam Institute of Management & Social Science, Solapur Abhijit Kadam Institute of Management & Social Science, Solapur   13/09/2011 Bharati Madhyavarti Sahakari Grahakbhandar Limited 995.00 2 658 STA AKS-M-10488 06/01/2026 27/12/2025 1 01/03/2023 Book